000
00325 a2200157 4500
001
180481
020
_a
040
_c
Magnum
100
_a
Cheida, Luiz Eduardo
240
1
0
_a
Ecologia vivenciada
_l
por
245
1
0
_a
Ecologia vivenciada
362
0
_a
1899
440
1
_a
FTD
697
_a
MAGNITO: ECOLOGIA
942
_c
BK
999
_c
180481
_d
180481